Central Library OPAC University of Rajshahi

An introduction to energy conversion / (Record no. 14986)

MARC details
000 -LEADER
fixed length control field 00856nam a2200277 a 4500
001 - CONTROL NUMBER
control field 14986
003 - CONTROL NUMBER IDENTIFIER
rucl marc code BD-RjUL
005 - DATE AND TIME OF LATEST TRANSACTION
control field 20211208235729.0
008 - FIXED-LENGTH DATA ELEMENTS--GENERAL INFORMATION
fixed length control field 140209r19841974i a b 001 0 eng
020 ## - INTERNATIONAL STANDARD BOOK NUMBER
International Standard Book Number 0852264526 (v. 2)
035 ## - SYSTEM CONTROL NUMBER
System control number (BD-RjUL)15040
040 ## - CATALOGING SOURCE
Original cataloging agency DLC
Transcribing agency DLC
Modifying agency DLC
-- BD-RjUL
Language of cataloging eng
041 ## - LANGUAGE CODE
Language code of text/sound track or separate title eng
082 00 - DEWEY DECIMAL CLASSIFICATION NUMBER
Classification number 621.402
Author mark and year KAI 1984
100 1# - MAIN ENTRY--PERSONAL NAME
Personal name Kadambi, V.
9 (RLIN) 44375
245 13 - TITLE STATEMENT
Title An introduction to energy conversion /
Statement of responsibility, etc. by V. Kadambi and Manohar Prasad.
260 ## - PUBLICATION, DISTRIBUTION, ETC. (IMPRINT)
Place of publication, distribution, etc. New Delhi :
Name of publisher, distributor, etc. Wiley,
Date of publication, distribution, etc. c1974 [Printing 1984].
300 ## - PHYSICAL DESCRIPTION
Pagination 312 p. :
Illustrations illus. ;
Size 23 cm.
504 ## - BIBLIOGRAPHY, ETC. NOTE
Bibliography, etc Includes bibliographical references.
505 0# - FORMATTED CONTENTS NOTE
Formatted contents note Vol.2. Energy conversion cycles --
650 #0 - SUBJECT ADDED ENTRY--TOPICAL TERM
Topical term or geographic name as entry element Power (Mechanics)
9 (RLIN) 15537
Topical term or geographic name as entry element Thermodynamics.
9 (RLIN) 46643
700 0# - ADDED ENTRY--PERSONAL NAME
Personal name Prasad Manohar,
Relator term joint author.
942 ## - ADDED ENTRY ELEMENTS (KOHA)
Source of classification or shelving scheme Dewey Decimal Classification
Koha item type Books
Holdings
Lost status Source of classification or shelving scheme Damaged status Not for loan Collection code Permanent Location Current Location Shelving location Date acquired Source of acquisition Cost, normal purchase price Total Checkouts Full call number Date last seen Copy number Koha item type
  Dewey Decimal Classification     Non-fiction Central Library, University of Rajshahi Central Library, University of Rajshahi   22/06/1986 India Int. Cal. 30.00   621.402 KAI V-2 1984 09/02/2014 C-2 Books
  Dewey Decimal Classification     Non-fiction Central Library, University of Rajshahi Central Library, University of Rajshahi   22/06/1986 India Int. Cal. 30.00   621.402 KAI V-2 1984 09/02/2014 C-4 Books
  Dewey Decimal Classification   Not For Loan Non-fiction Central Library, University of Rajshahi Central Library, University of Rajshahi Reading Room 22/06/1986 Karim int. 30.00   621.402 KAI V-2 1984 01/04/2017 C-1 Books